Gender equality in Turkey and the EU (Record no. 9228)

MARC details
000 -BAŞLIK
Sabit Uzunlukta Kontrol Alanı 01886na a2200409 4500
001 - KONTROL NUMARASI
Denetim Alanı 22807
003 - KONTROL NUMARASI IDENTIFIER
Denetim Alanı MIRAKIL
005 - SON İŞLEM TARİHİ VE ZAMANI
Denetim Alanı 20181213155239.0
008 - SABİT-BOY VERİ ELEMANLARI - GENEL BİLGİLER
Sabit Uzunlukta Kontrol Alanı 170226b tu 000 0
040 ## - KATALOGLAMA KAYNAK
Orijinal Kataloglama Ajansı Milas
Kataloglama Dili tur
Metne Dönüştürmek Ajansı TR-AnCHP
041 ## - DİL KODU
Metin / Ses Parça Veya Ayrı Başlığın Dil Kodu eng
082 ## - DEWEY ONLU SINIFLANDIRMA NUMARASI
Sınıflandırma Numarası CHP 337.14206
Ürün Numarası C36a 2009/03
090 ## - SINIFLAMA NUMARASI
Sınıflama Numarası CHP 337.14206 C36a 2009/03
091 ## - MICROFILM RAF YER (AM) [OBSOLETE]
Mikrofilm Raf Yeri DIŞ POLİTİKA -2- AB
110 ## - ANA GİRİŞ - KURUMSAL ADI
Giriş Elemanı Olarak Kurumsal Ad Veya Yargı Alanı Adı Cumhuriyet Halk Partisi (CHP)
Alt Birim Avrupa Birliği Temsilciliği
222 ## - ANAHTAR ADI
Anahtar Başlık AB temsilciliği raporları
245 ## - BAŞLIK TABLOSU
Başlık Gender equality in Turkey and the EU
Başlığın Kalan European Parliamant, Brussels-18 March 2009
Sorumluluk Tablosu, Vb ALDE-Alliance of Liberals and Democrats for Europe in Ccoperation with TUSİAD and KAGİDER
246 ## - UNVAN FORM VARYING
Başlık Doğru / Kısa Başlığı CHP Avrupa Birliği Temsilciliği etkinlikleri
260 ## - YAYIN, DAĞITIM, VB
Yayın, Dağıtım, Vb Yeri Brussels
Yayıncı, Dağıtıcı, Vs Adı CHP EU Representation
Yayın, Dağıtım, Vb Tarihi March 2009
300 ## - FİZİKSEL TANIM
Kapsam 4 s.
Diğer Fiziksel Ayrıntıları rnkl. fotg.
Boyutlar 30 sm.
440 ## - SERİSİ TABLOSU / KATMA GİRİŞİ - BAŞLIK
Başlık Cumhuriyet Halk Partisi yayınları
Bir İşin Parçası / Bölümün İsmi Raporlar
490 ## - SERİSİ TABLOSU
Seri Beyanı AB Temsilciliği
500 ## - GENEL NOT
Genel Not Yerel numaradaki sayılar, raporların sunulduğu ayları temsil eder : Ocak -1 ; Şubat -2 ; Mart -3 ; Nisan -4 ; Mayıs -5; Haziran -6 ; Temmuz-7 ; Ağustos -8 ; Eylül -9 ; Ekim -10 ; Kasım -11 ; Aralık -12
500 ## - GENEL NOT
Genel Not Cumhuriyet Halk Partisi AB Temsilciliğinin çeşitli program ve faaliyet raporları
610 ## - KONU KATMA GİRİŞ - TOPLANTI ADI
Giriş Elemanı Olarak Kurumsal Ad Veya Yargı Alanı Adı CHP
Alt Birim AB temsiciliği
Genel Alt Bölüm Raporlar
610 ## - KONU KATMA GİRİŞ - TOPLANTI ADI
Giriş Elemanı Olarak Kurumsal Ad Veya Yargı Alanı Adı CHP
Genel Alt Bölüm Yurtdışı temsilcilikleri
Kronolojik Alt Bölüm AB temsilciliği
610 ## - KONU KATMA GİRİŞ - TOPLANTI ADI
Giriş Elemanı Olarak Kurumsal Ad Veya Yargı Alanı Adı CHP
Genel Alt Bölüm AB üyelik süreci
Kronolojik Alt Bölüm Raporlar
610 ## - KONU KATMA GİRİŞ - TOPLANTI ADI
Giriş Elemanı Olarak Kurumsal Ad Veya Yargı Alanı Adı CHP
Genel Alt Bölüm Dış politika
Coğrafi Alt Bölüm Avrupa Birliği
610 ## - KONU KATMA GİRİŞ - TOPLANTI ADI
Giriş Elemanı Olarak Kurumsal Ad Veya Yargı Alanı Adı CHP
Genel Alt Bölüm Dış ilişkiler
Coğrafi Alt Bölüm Avrupa Birliği
650 ## - KONU KATMA GİRİŞ - TOPİKAL DÖNEM
Topikal Süreli Veya Coğrafi Ad Giriş Elemanı Avrupa Birliği - Türkiye ilişkileri
651 ## - KONU KATMA GİRİŞ - COĞRAFİ ADI
Coğrafi İsim Türkiye
Genel Alt Bölümü Dış ilişkiler
Coğrafi Alt Bölümü Avrupa Birliği
740 ## - KATMA GİRİŞ - KONTROLSUZ İLGİLİ / ANALİTİK BAŞLIK
Kontrol Edilmeyen / İlgili Analitik Başlıktaki AB temsilciliği raporları
740 ## - KATMA GİRİŞ - KONTROLSUZ İLGİLİ / ANALİTİK BAŞLIK
Kontrol Edilmeyen / İlgili Analitik Başlıktaki CHP Avrupa Birliği Temsilciliği çalışmaları
740 ## - KATMA GİRİŞ - KONTROLSUZ İLGİLİ / ANALİTİK BAŞLIK
Kontrol Edilmeyen / İlgili Analitik Başlıktaki CHP Avrupa Birliği Temsilciliği raporları
942 ## - EKLENDİ GİRİŞ ELEMANLARI (KOHA)
Sınıflandırma Veya Raf Düzeni Kaynak Dewey Decimal Classification
Koha Öğesi Türü Books
999 ## - SİSTEM KONTROL NUMARALARI (KOHA)
Koha Biblionumber 9228
Koha Biblioitemnumber 9228
Holdings
Kalıcı Konum Mevcut Konum Edinme Tarihi Edinim Kaynak Toplam Check-Out'Lar Tam Çağrı Numarası Barkod Tarih Son Görülme İtibaren Geçerli Fiyatlar Koha Öğesi Türü
CHP Kütüphanesi CHP Kütüphanesi 02/26/2017 Bağış   CHP 337.14206 C36a 2009/03 016696 02/26/2017 02/26/2017 Books